Movie soundtrack sudden death - Hans Zimmer - Statistics

General Stats
  • This quiz has been taken 56 times
  • The average score is 7 of 17
Answers on the Grid
Answers color-coded by a green-red scale on the quiz's grid according to % correct below.
Thelma & Louise (1991)
The Lion King (1994)
Mission: Impossible 2 (2000)
Gladiator (2000)
Pearl Harbor (2001)
Hannibal (2001)
The Last Samurai (2003)
Madagascar (2005)
Batman Begins (2005)
The Da Vinci Code (2006)
Pirates of the Caribbean: Dead Man's Chest (2006)
Inception (2010)
Kung Fu Panda 2 (2011)
Man of Steel (2013)
Dunkirk (2017)
Wonder Woman 1984 (2020)
Dune (2021)
Outlander (2008)
Shrek (2001)
Ice Age (2009)
How to Train Your Dragon (2010)
Harry Potter and the Philosopher's Stone (2001)
Star Wars (1977)
Indiana Jones and the Temple of Doom (1984)
The Hobbit: An Unexpected Journey (2012)
The Hunger Games (2012)
The Bourne Legacy (2012)
Tenet (2020)
 
Answer Stats
Answer % Correct
Inception (2010)
75%
Dune (2021)
64%
Pirates of the Caribbean: Dead Man's Chest (2006)
64%
Gladiator (2000)
61%
Dunkirk (2017)
56%
The Da Vinci Code (2006)
50%
The Lion King (1994)
47%
Batman Begins (2005)
44%
Kung Fu Panda 2 (2011)
42%
Man of Steel (2013)
39%
The Last Samurai (2003)
33%
Pearl Harbor (2001)
28%
Wonder Woman 1984 (2020)
22%
Hannibal (2001)
19%
Mission: Impossible 2 (2000)
17%
Thelma & Louise (1991)
14%
Madagascar (2005)
11%
No matching quizzes found
Score Distribution
Percent of People with Each Score
Percentile by Number Answered
Your Score History
You have not taken this quiz